000
00308nam a22001097a 4500
999
_c
11723
_d
11723
003
OSt
005
20230717184423.0
008
230717b ||||| |||| 00| 0 eng d
245
_a
Eco Housing - Guidelines for Tropical Regions
260
_a
Bangkok Thailand
_b
United nations environment programme
942
_2
ddc